000 00613nam a2200253Ia 4500
001 Para_2707
003 CHAP
008 220125s1986 xx 000 0 und d
010 _a201201
040 _cCHAP
082 _aPA 630.24 Y3y
100 _aYágodin, B. A.
_9122942
245 _aAgroquímica /
_c B. A. Yágodin
260 _aMoscú :
_b Mir
300 _a2 v.
650 _aQuímica agrícola
_993576
901 _aPA 630.24 Y3Y
902 _aA
905 _a0000001986 ru 0000000000 00
910 _a1986
942 _cPARA
942 _cPARA
_d1
999 _c201201
_d201201